The odd life of Timothy Green (Record no. 18100)
[ view plain ]
| 000 -LEADER | |
|---|---|
| fixed length control field | 01212cgm a22003377a 4500 |
| 005 - DATE AND TIME OF LATEST TRANSACTION | |
| control field | 20201124142630.0 |
| 008 - FIXED-LENGTH DATA ELEMENTS--GENERAL INFORMATION | |
| fixed length control field | 140311t2013 xxu107 g |||| 0| vleng d |
| 040 ## - CATALOGING SOURCE | |
| Language of cataloging | ara |
| 041 1# - LANGUAGE CODE | |
| Language code of text/sound track or separate title | eng |
| -- | cze |
| -- | ita |
| 082 04 - DEWEY DECIMAL CLASSIFICATION NUMBER | |
| Edition number | 22 |
| Classification number | 791.4372 |
| Item number | ODD |
| 245 04 - TITLE STATEMENT | |
| Title | The odd life of Timothy Green |
| Medium | [videorecording] / |
| Statement of responsibility, etc | Disney ; produced by Scott Sanders, Ahmet Zappa, Jim Whitaker ; story by Ahmet Zappa ; screenplay by Peter Hedges ; directed by Peter Hedges. |
| 250 ## - EDITION STATEMENT | |
| Edition statement | 1.85 : 1 Widescreen. |
| 260 ## - PUBLICATION, DISTRIBUTION, ETC. (IMPRINT) | |
| Place of publication, distribution, etc | Burbank, United States : |
| Name of publisher, distributor, etc | Disney, |
| Date of publication, distribution, etc | c.2013. |
| 300 ## - PHYSICAL DESCRIPTION | |
| Extent | 1 videodisc (107 min.) : |
| Other physical details | sd., col. ; |
| Dimensions | 4 3/4 in. |
| 521 ## - TARGET AUDIENCE NOTE | |
| Target audience note | Fit for viewing by generally persons. |
| 546 ## - LANGUAGE NOTE | |
| Language note | In English, Czech, Italian. |
| 650 #0 - SUBJECT ADDED ENTRY--TOPICAL TERM | |
| Topical term or geographic name as entry element | Wishes |
| Form subdivision | Drama |
| 9 (RLIN) | 35493 |
| 650 #0 - SUBJECT ADDED ENTRY--TOPICAL TERM | |
| Topical term or geographic name as entry element | Child rearing |
| Form subdivision | Drama |
| 9 (RLIN) | 35494 |
| 653 ## - INDEX TERM--UNCONTROLLED | |
| -- | COMSCI |
| 700 1# - ADDED ENTRY--PERSONAL NAME | |
| Personal name | Edgerton, Joel, |
| Dates associated with a name | 1974- |
| 700 1# - ADDED ENTRY--PERSONAL NAME | |
| Personal name | Garner, Jennifer, |
| 9 (RLIN) | 21807 |
| 700 1# - ADDED ENTRY--PERSONAL NAME | |
| Personal name | Zanelli, Geoff, |
| Dates associated with a name | 1974- |
| 700 1# - ADDED ENTRY--PERSONAL NAME | |
| Personal name | Mondshein, Andrew, |
| 700 1# - ADDED ENTRY--PERSONAL NAME | |
| Personal name | Toll, John, |
| 700 1# - ADDED ENTRY--PERSONAL NAME | |
| Personal name | Hedges, Peter, |
| Dates associated with a name | 1962- |
| 9 (RLIN) | 35276 |
| 700 1# - ADDED ENTRY--PERSONAL NAME | |
| Personal name | Zappa, Ahmet, |
| 700 1# - ADDED ENTRY--PERSONAL NAME | |
| Personal name | Whitaker, Jim, |
| 700 1# - ADDED ENTRY--PERSONAL NAME | |
| Personal name | Sanders, Scott, |
| Dates associated with a name | 1968- |
| 710 2# - ADDED ENTRY--CORPORATE NAME | |
| Corporate name or jurisdiction name as entry element | Walt Disney Animation Studios (Firm) |
| 942 ## - ADDED ENTRY ELEMENTS (KOHA) | |
| Source of classification or shelving scheme | Dewey Decimal Classification |
| Item type | |
| Call number prefix | 791.4372 ODD |
| Withdrawn status | Lost status | Source of classification or shelving scheme | Damaged status | Not for loan | Koha collection | Home library | Current library | Shelving location | Date acquired | Source of acquisition | Cost, normal purchase price | Total Checkouts | Full call number | Barcode | Date last seen | Cost, replacement price | Koha item type |
|---|---|---|---|---|---|---|---|---|---|---|---|---|---|---|---|---|---|
| Dewey Decimal Classification | Baccah | Central Library | Central Library | Second Floor | 11/03/2014 | Purchase | 213.00 | 791.4372 ODD | 000035683 | 24/08/2022 | 266.25 | CD | DVD - Movie (NB) |